000
00211nam a22000857a 4500
008
170124b xxu||||| |||| 00| 0 eng d
100
_9
2545
_a
Sharma.D.M.etal.
245
_a
G.K.Planet-5
260
_a
New Delhi
_b
PMP
_c
2010
999
_c
5646
_d
5646